Benefity z účtovného a daňového pohľadu

Legislatívny rámec poskytovania benefitov. Tvorba sociálneho fondu. Sociálna výpomoc. Odmeny. Ilustračné príklady.

Gespeichert in:
Bibliographische Detailangaben
1. Verfasser: Danajovičová, Katarína
Format: Buchkapitel
Sprache:Slowakisch
Schlagworte:
Tags: Tag hinzufügen
Keine Tags, Fügen Sie das erste Tag hinzu!

MARC

LEADER 00000naa a2200000 4500
001 0248976
005 20221104111052.6
041 0 |a slo 
044 |a SK 
245 1 0 |a Benefity z účtovného a daňového pohľadu  |c Katarína Danajovičová 
520 |a Legislatívny rámec poskytovania benefitov. Tvorba sociálneho fondu. Sociálna výpomoc. Odmeny. Ilustračné príklady. 
610 2 0 |a benefity 
610 2 0 |a dane 
610 2 0 |a pravidlá účtovné 
610 2 0 |a fond sociálny 
610 2 0 |a zamestnávatelia 
610 2 0 |a zamestnanci 
100 1 |a Danajovičová, Katarína